000 01372nam a2200397 a 4500
001 000111079
003 CHAP
005 20220329144157.0
008 141201s2014 mx a |r| |||||||spa d
010 _a107541
011 _a108513
020 _a9786071203380
040 _cCHAP
090 _aFolleto 18492
100 0 0 _aSerrato Cruz, Miguel Angel.
_9105270
245 1 0 _aExperiencia piloto de obtención de extractos de la rudilla (Tagetes lemmonii A. Gray.) Originaria de la Sierra de Mazatán, Sonora /
_cpor Miguel Ángel Serrato Cruz y Jose Jesús Sánchez Escalante.
260 _aChapingo, Méx :
_bUACH,
_c2014.
300 _a11 p. :
_bil.
490 1 _aRed cempoalxóchitl
590 _aE11695DGD
_b10
_c20141209
_lUCH01
_h1115
590 _aE5995AHE
_b05
_c20141201
_lUCH01
_h1352
590 _aE5995AHE
_b05
_c20141201
_lUCH01
_h1412
590 _aE5995AHE
_b05
_c20141201
_lUCH01
_h1415
590 _aE5995AHE
_b05
_c20141202
_lUCH01
_h0822
590 _aE5995AHE
_b05
_c20141202
_lUCH01
_h0825
590 _aE5995AHE
_b05
_c20141202
_lUCH01
_h0827
650 1 4 _aAsteraceae.
_98170
650 1 4 _aCultivos
_xPlagas.
_930305
650 1 4 _aExtractos vegetales.
_939214
650 1 4 _aMedicina tradicional.
_973921
700 1 _aSánchez Escalante, Jose Jesús
_9128881
830 0 _aRed cempoalxóchitl
_9128882
901 _aBK
942 _cFOLL
942 _n0
999 _c107541
_d107541